000 002290000a22000970004500
100 1 _aWitherington, Ben
245 1 0 _aWaiting for kingdom come
300 _aVol. 17, Núm 3 (1999), Páginas 76-81
773 0 _tEvangel
942 _cANA
999 _c54437
_d54437